| 000 | 00347nam a22001337a 4500 | ||
|---|---|---|---|
| 020 | _qPB. | ||
| 040 | _cFIZZA ISHAQ | ||
| 082 |
_a005.73 _bANH |
||
| 100 |
_aDOAN, ANHAI. _955481 |
||
| 245 |
_aPRINCIPLES OF DATA INTEGRATION / _cANHAI DOAN & ALON HALEVY |
||
| 260 |
_aNEWYORK : _bMORGAN PUBLISHERS, _c2012. |
||
| 300 | _a497 P. ; | ||
| 942 |
_2ddc _cBK |
||
| 999 |
_c566330 _d566330 |
||